Development and evaluation of reading enhancement activities for grade V pupils / (Record no. 80429)
[ view plain ]
| 000 -LEADER | |
|---|---|
| fixed length control field | 01876nam a22003017a 4500 |
| 003 - CONTROL NUMBER IDENTIFIER | |
| control field | URS |
| 005 - DATE AND TIME OF LATEST TRANSACTION | |
| control field | 20240606211122.0 |
| 008 - FIXED-LENGTH DATA ELEMENTS--GENERAL INFORMATION | |
| fixed length control field | 240507b |||||||| |||| 00| 0 eng d |
| 050 ## - LIBRARY OF CONGRESS CALL NUMBER | |
| Classification number | BEED |
| Item number | F633 2018 |
| 100 1# - MAIN ENTRY--PERSONAL NAME | |
| Personal name | Focasan, Martha T., |
| Relator term | researcher. |
| 245 10 - TITLE STATEMENT | |
| Title | Development and evaluation of reading enhancement activities for grade V pupils / |
| Statement of responsibility, etc. | Martha T. Focasan, July P. Gabines, Selina Benita M. Garcia. |
| 260 #1 - PUBLICATION, DISTRIBUTION, ETC. | |
| Date of publication, distribution, etc. | [2018] |
| 300 ## - PHYSICAL DESCRIPTION | |
| Extent | xii, 55 leaves : |
| Other physical details | color ilustrations ; |
| Dimensions | 28 cm |
| 336 ## - CONTENT TYPE | |
| Source | rdacontent |
| Content type term | text |
| 337 ## - MEDIA TYPE | |
| Source | rdamedia |
| Media type term | unmediated |
| 338 ## - CARRIER TYPE | |
| Source | rdacarrier |
| Carrier type term | volume |
| 500 ## - GENERAL NOTE | |
| General note | Undergraduate thesis (Elementary Education) - University of Rizal System, Cainta 2018 |
| 504 ## - BIBLIOGRAPHY, ETC. NOTE | |
| Bibliography, etc. note | Includes bibliographical references. |
| 520 ## - SUMMARY, ETC. | |
| Summary, etc. | "The main objective of the study was to determine the level of acceptability of the Developed Reading Enhancement Activities for Grade Five Pupils. The Developed Reading Enhancement Activities were used as a tool in teaching English for Grade Five Pupils. The study was conducted at Saint Anthony Elementary School, Karangalan Elementary School, and University of Rizal System Cainta Campus during School Year 2017-2018." -- Abstract |
| 524 ## - PREFERRED CITATION OF DESCRIBED MATERIALS NOTE | |
| Preferred citation of described materials note | Focasan, M. T., Gabines, J. P. & Garcia, S. B. M. (2018). Development and evaluation of reading enhancement activities for grade V pupils. University of Rizal System. |
| 546 ## - LANGUAGE NOTE | |
| Language note | In English text. |
| 650 #0 - SUBJECT ADDED ENTRY--TOPICAL TERM | |
| Topical term or geographic name entry element | Elementary Education |
| Form subdivision | Thesis, Academic. |
| 700 1# - ADDED ENTRY--PERSONAL NAME | |
| Personal name | Gabines, July P., |
| Relator term | researcher. |
| 700 1# - ADDED ENTRY--PERSONAL NAME | |
| Personal name | Garcia, Selina Benita M., |
| Relator term | researcher. |
| 856 ## - ELECTRONIC LOCATION AND ACCESS | |
| Materials specified | Online Request for Student Unpublished Works |
| Uniform Resource Identifier | <a href="https://docs.google.com/forms/d/e/1FAIpQLSdtj_eCncT3hgTIbOB8g-3uMYPTK14UGxs8cj-GqWFJPmnTLA/viewform">https://docs.google.com/forms/d/e/1FAIpQLSdtj_eCncT3hgTIbOB8g-3uMYPTK14UGxs8cj-GqWFJPmnTLA/viewform</a> |
| 856 ## - ELECTRONIC LOCATION AND ACCESS | |
| Materials specified | Click here to access online |
| Uniform Resource Identifier | <a href="https://drive.google.com/file/d/1HpIQ8gzZp52qC74XH-n3O9uBbx_pmJYu/view?usp=sharing">https://drive.google.com/file/d/1HpIQ8gzZp52qC74XH-n3O9uBbx_pmJYu/view?usp=sharing</a> |
| 942 ## - ADDED ENTRY ELEMENTS (KOHA) | |
| Source of classification or shelving scheme | Library of Congress Classification |
| Koha item type | Theses and dissertations |
| Withdrawn status | Source of classification or shelving scheme | Damaged status | Not for loan | Collection code | Home library | Current library | Shelving location | Date acquired | Source of acquisition | Total Checkouts | Full call number | Barcode | Date last seen | Copy number | Price effective from | Koha item type |
|---|---|---|---|---|---|---|---|---|---|---|---|---|---|---|---|---|
| Library of Congress Classification | Non-fiction | Cainta College Library | Cainta College Library | Undergraduate Theses | 05/07/2024 | Donation | BEED F633 2018 | URSCAI-UGT0593 | 05/07/2024 | c.1 | 05/07/2024 | Theses and dissertations |